000 00872nam0a22002531 4500
001 rc\795393
005 20040301143720.2
035 _a(NLR Aleph) 006320294
090 _a7444725
_c7444725
100 _a20040301d1983 u |0rusy50 ca
101 0 _arus
102 _aRU
105 _aa |||||||||
200 1 _aЖивые помнят...
_e[Сб. писем
_fСост. и авт. коммент. Б.Д. Дробиз]
210 _aЧелябинск
_cЮж.-Урал. кн. изд-во
_d1983
215 _a278 с.
_cил.
_d14х13
225 1 _aСерия "Верны подвигу отцов"
300 _aВ вып. дан. сост.: Борис Давыдович Дробиз
702 1 _aДробиз
_bБ. Д.
_gБорис Давидович
_4220
801 0 _aRU
_bNLR
_gpsbo
801 1 _aRU
_bELAR
_2rusmarc
852 _aNLR
_j83-1/216
942 _cBOOK
980 _aNB